Detalles MARC
| 000 -LÍDER |
| Campo fijo de descripción fija |
01535nam a2200361 i 4500 |
| 001 - NÚMERO DE CONTROL |
| Campo de control |
768714001 |
| 003 - IDENTIFICADOR DEL NÚMERO DE CONTROL |
| Campo de control |
CO-MdFUSB |
| 005 - FECHA Y HORA DE LA ULTIMA TRANSACCIÓN |
| control field |
20250519112743.0 |
| 007 - CAMPO FIJO DE DESCRIPCIÓN FIJA--INFORMACIÓN GENERAL |
| Campo fijo de descripción fija |
ta |
| 008 - ELEMENTOS DE LONGITUD FIJA -- INFORMACIÓN GENERAL |
| Campo fijo de descripción fija -- Información general |
241212t2007 inu |||| |||| 00| 0 eng d |
| 020 ## - NÚMERO INTERNACIONAL NORMALIZADO PARA LIBROS |
| Número Internacional Normalizado del libro |
9781575061313 |
| 040 ## - FUENTE DE CATALOGACIÓN |
| Agencia de catalogación original |
CO-MdFUSB |
| Idioma de catalogación |
spa |
| Agencia que realiza la transcripción |
CO-MdFUSB |
| Agencia que realiza la modificación |
CO-MdFUSBC |
| Convenciones de la descripción |
rda |
| 041 ## - CÓDIGO DE IDIOMA |
| Código de idioma para texto/pista de sonido o título separado |
eng |
| 082 ## - NÚMERO DE CLASIFICACIÓN DECIMAL DEWEY |
| Número de la edición del Dewey |
23 |
| Número de clasificación |
222.1066 |
| Clave de autor-Numero de item |
K72 |
| 100 ## - ASIENTO PRINCIPAL--NOMBRE PERSONAL |
| Nombre personal |
Knohl, Israel |
| Término relacionador |
autor |
| 245 ## - TÍTULO |
| Título del Material |
The sanctuary of silence : |
| Parte restante del título - Subtitulo |
the priestly Torah and the holiness school |
| Mención de responsabilidad, etc. |
/ Israel Knohl |
| 264 #1 - PRODUCCIÓN, PUBLICACIÓN, DISTRIBUCIÓN, MANUFACTURA, Y COPYRIGHT |
| Nombre del productor, publicador, distribuidor |
Eisenbrauns, |
| Lugar de producción, publicación, distribución, manufactura |
Winona, Lake, Indiana : |
| Fecha de producción, publicación, distribución, manufactura, o copyright |
[2007] |
| 264 #4 - PRODUCCIÓN, PUBLICACIÓN, DISTRIBUCIÓN, MANUFACTURA, Y COPYRIGHT |
| Fecha de producción, publicación, distribución, manufactura, o copyright |
©2007 |
| 300 ## - DESCRIPCIÓN FÍSICA |
| Extensión |
246 páginas |
| Dimensiones |
; 24 cm |
| 336 ## - TIPO DE CONTENIDO |
| Fuente |
rdacontent |
| Término de tipo de contenido |
texto |
| Código de tipo de contenido |
txt |
| 337 ## - TIPO DE MEDIO |
| Fuente |
rdamedia |
| Nombre del tipo de medio |
sin mediación |
| Código del tipo de medio |
n |
| 338 ## - TIPO DE SOPORTE |
| Fuente |
rdacarrier |
| Nombre del tipo de soporte |
volumen |
| Código Tipo de soporte |
nc |
| 505 ## - NOTA DE CONTENIDO |
| Nota de contenido con formato preestablecido |
El sábado y las fiestas en la Torá sacerdotal y las leyes de la Escuela de Santidad. -- La separación del estrato sacerdotal del Pentateuco en sus partes constituyentes. -- El concepto de Dios y el culto en la Torá sacerdotal. -- El concepto de Dios y el culto en las Escuelas de Santidad. -- El marco histórico de las actividades de la Escuela Sacerdotal. |
| 563 ## - NOTA DE ENCUADERNACIÓN |
| Nota de encuadernación |
Pasta dura |
| 630 07 - TITULO UNIFORME |
| Título uniforme |
Biblia. |
| Nombre de parte o sección de la obra |
Pentateuco |
| Subdivisión de materia general |
Crítica, interpretación, etc. |
| 630 07 - TITULO UNIFORME |
| Título uniforme |
Biblia. |
| Nombre de parte o sección de la obra |
Levíticos |
| Subdivisión de materia general |
Crítica, interpretación, etc. |
| 653 ## - TÉRMINO DE INDIZACIÓN - NO CONTROLADO |
| Término no controlado |
Judaísmo — Historia — Periodo postexílico, 586 a.C.–70 d.C. |
| 653 ## - TÉRMINO DE INDIZACIÓN - NO CONTROLADO |
| Término no controlado |
Santidad — Aspectos religiosos — Judaísmo |
| 653 ## - TÉRMINO DE INDIZACIÓN - NO CONTROLADO |
| Término no controlado |
Sacerdocio en la Biblia |
| 942 ## - TIPO DE MATERIAL (KOHA) |
| Tipo de Item KOHA |
Libros General |
| 945 ## - INFORMACIÓN LOCAL DEL REGISTRO |
| Catalogador |
JTF-925 |